Cities in Antigua and Barbuda accepted by cityquiz.io - Statistics

General Stats
  • This quiz has been taken 148 times
  • The average score is 4 of 16
Answer Stats
Population Answer % Correct
22,219 St. John’s
99%
914 Codrington
35%
3,900 All Saints
32%
2,066 Potters Village
23%
778 English Harbour
22%
908 Cedar Grove
20%
2,560 Liberta
18%
1,093 Old Road
18%
1,179 Willikies
17%
1,003 Jennings
16%
1,491 Parham
16%
1,837 Swetes
15%
1,888 Bolans
10%
1,478 Pigotts
9%
1,684 Seaview Farm
9%
833 Freemans Village
5%
No matching quizzes found
Score Distribution
Percent of People with Each Score
Percentile by Number Answered
Your Score History
You have not taken this quiz